Úverové financovanie malých a stredných firiem

Úloha banky v úverovom procese malých a stredných firiem. Financovanie potrieb firiem. Indikatívna a záväzná ponuka. Podnikateľský zámer. Jednotlivé fázy poskytnutia úveru. "Work out" - oddelenie rizikových pohľadávok.

Salvato in:
Dettagli Bibliografici
Autore principale: Bešinová, Zuzana
Natura: Capitolo di libro
Lingua:slovacco
Soggetti:
Tags: Aggiungi Tag
Nessun Tag, puoi essere il primo ad aggiungerne!!

MARC

LEADER 00000naa$a2200000$$$4500
001 0073349
005 20240502071853.7
041 0 |a slo 
044 |a SK 
245 1 0 |a Úverové financovanie malých a stredných firiem  |c Zuzana Bešinová 
520 |a Úloha banky v úverovom procese malých a stredných firiem. Financovanie potrieb firiem. Indikatívna a záväzná ponuka. Podnikateľský zámer. Jednotlivé fázy poskytnutia úveru. "Work out" - oddelenie rizikových pohľadávok. 
610 2 0 |a podnik malý 
610 2 0 |a podnik stredný 
610 2 0 |a financovanie podnikov 
610 2 0 |a banky 
610 2 0 |a pohľadávky 
610 2 0 |a zámery podnikateľské 
610 2 0 |a riziko bankové 
610 2 0 |a úver bankový 
100 1 |a Bešinová, Zuzana